Words That Rhyme With Bed - Statistics

General Stats
  • This quiz has been taken 1,733 times
    1,520 since last reset
  • The average score is 16 of 24
Answer Stats
Answer % Correct
read
94%
head
93%
red
90%
led
89%
fed
88%
said
85%
wed
85%
dead
84%
lead
82%
bread
77%
tread
73%
dread
72%
bled
71%
shed
70%
sled
69%
stead
66%
fled
62%
sped
60%
bred
55%
pled
51%
thread
44%
spread
41%
shred
38%
redd
7%
No matching quizzes found
Score Distribution
Percent of People with Each Score
Percentile by Number Answered
Your Score History
You have not taken this quiz since the last reset